000 00663nam a2200145Ia 4500
008 100204s9999 xx 000 0 und d
082 _b1487
100 _aश्री संत तुकाराम महाराज (बेंद्र्रे )
245 _aभगवद् गीतेचा अभंगात्मक अनुवाद
260 _bमुंबई विश्वविद्यालय
_c1950
300 _a244
630 _aभगवद् गीतेचा अभंगात्मक अनुवाद
730 _aभगवद् गीतेचा अभंगात्मक अनुवाद
942 _cBOOK
999 _c446648
_d446645